Statistics for Most Produced New World Crops

Click here to take the quiz!

General Stats

  • This quiz has been taken 18 times
  • The average score is 4 of 13

Answer Stats

TonnesAnswer% Correct
370mPotato
100%
181mTomato
88%
22.9mPumpkin
38%
91.8mSweet Potato
31%
1148mCorn (Maize)
25%
304mCassava
19%
159mBarley
13%
38.0mChili Pepper
13%
27.0mGreen Bean
13%
48.8mPeanut
13%
28.2mPineapple
13%
14.6mRubber
13%
56.1mSunflower Seed
6%

Score Distribution

Percentile by Number Answered

Percent of People with Each Score

Your Score History

You have not taken this quiz